LEADER 03052nam 2200409 450 001 9910572186203321 005 20230511071319.0 035 $a(CKB)5860000000047331 035 $a(NjHacI)995860000000047331 035 $a(EXLCZ)995860000000047331 100 $a20230511d2016 uy 0 101 0 $aita 135 $aur||||||||||| 181 $ctxt$2rdacontent 182 $cc$2rdamedia 183 $acr$2rdacarrier 200 02$aA 150 anni dall'unificazione amministrativa italiana$hVolume VIII, $eCittadinanze amministrative /$fa cura di Antonio Bartolini, Alessandra Pioggia 210 1$aFlorence :$cFirenze University Press,$d2016. 210 4$d©2016 215 $a1 online resource (450 pages) 225 1 $aStudi e saggi 311 $a88-927-3267-6 330 $aIn 1865, there was the enactment of the laws of administrative unification for the Kingdom of Italy. On the occasion of the 150th anniversary, the Department of Legal Sciences of the University of Florence organized a study project on the transformations which over the last fifty years have affected the Italian Republic's administrative apparatus and activities. They analysed in its articulated local government and its EU membership. Over nearly two years, the researches have involved more than one hundred and fifty scholars from Italian universities. The results were presented on 15th and 16th October 2015 in Florence, the Italian capital city a hundred and fifty years before, which in 1965 had hosted the conference celebrating the 100th anniversary of the same administrative unification laws. The conducted studies are now published in definitive form and organized into eight volumes. Table of contents I. The organization of public administrations between national state and European integration, edited by Roberto Cavallo Perin, Aristide Police, Fabio Saitta II. Political and territorial cohesion, edited by Gabriella De Giorgi Cezzi, Pier Luigi Portaluri III. Legalization, edited by Barbara Marchetti, Mauro Renna IV. Technification, edited by Stefano Civitarese Matteucci, Luisa Torchia V. Public intervention in the economy, edited by Maurizio Cafagno, Francesco Manganaro VI. Unification and cultural pluralism, edited by Edoardo Chiti, Gianluca Gardini, Aldo Sandulli VII. Administrative justice as a service (between effectiveness and efficiency), edited by Gian Domenico Comporti VIII. Administrative citizenships, edited by Antonio Bartolini, Alessandra Pioggia. 410 0$aStudi e saggi (Florence, Italy) 517 $a150 anni dall?unificazione amministrativa italiana. Vol. VIII 517 $a150 anni dall’unificazione amministrativa italiana. Vol. VIII 606 $aPublic administration$zItaly 615 0$aPublic administration 676 $a351.45 702 $aBartolini$b Antonio 702 $aPioggia$b Alessandra 801 0$bNjHacI 801 1$bNjHacl 906 $aBOOK 912 $a9910572186203321 996 $aA 150 anni dall'unificazione amministrativa italiana$91928813 997 $aUNINA LEADER 02321nam 22005053 450 001 9910554235903321 005 20220321084639.0 010 $a3-504-38624-X 024 7 $a10.9785/9783504386245 035 $a(CKB)4960000000262120 035 $a(MiAaPQ)EBC6926696 035 $a(Au-PeEL)EBL6926696 035 $a(DE-B1597)544721 035 $a(DE-B1597)9783504386245 035 $a(NjHacI)994960000000262120 035 $a(OCoLC)1306058133 035 $a(EXLCZ)994960000000262120 100 $a20220321d2021 uy 0 101 0 $ager 135 $aurcnu|||||||| 181 $ctxt$2rdacontent 182 $cc$2rdamedia 183 $acr$2rdacarrier 200 10$aSteuerliche Betriebsprüfung 205 $a1st ed. 210 1$aKöln :$cOtto Schmidt KG, Verlag,$d2021. 210 4$d©2021. 215 $a1 online resource (944 pages) 300 $aIncludes index. 327 $tFrontmatter -- $tVorwort -- $tInhaltsübersicht -- $tAbkürzungsverzeichnis -- $tGesamtliteraturverzeichnis -- $tKapitel 1 Recht und Verfahren der Betriebsprüfung -- $tKapitel 2 Digitalisierung der Betriebsprüfung -- $tKapitel 3 Besondere Prüfungsformen -- $tKapitel 4 Steuerstrafrechtliche Aspekte in der Betriebsprüfung (Adick) -- $tKapitel 5 Kassenführung (Brenner) -- $tKapitel 6 Konzerne in der Betriebsprüfung -- $tKapitel 7 Internationale Aspekte der Betriebsprüfung -- $tKapitel 8 Rückstellungen für Betriebsprüfungsrisiken (Hick) -- $tKapitel 9 Streitvermeidungsinstrumente -- $tKapitel 10 Erbschaftsteuerliche und bewertungsrechtliche Aspekte -- $tAnlage 1 Überblick über die Organisationsformen der Betriebsprüfung der einzelnen Bundesländer -- $tAnlage 2 Einordnung in Größenklassen gem. § 3 BpO 2000; Festlegung neuer Abgrenzungsmerkmale zum 1.1.2019 -- $tStichwortverzeichnis 330 $aKeine ausführliche Beschreibung für "Steuerliche Betriebsprüfung" verfügbar. 606 $aLAW / Taxation$2bisacsh 615 7$aLAW / Taxation. 676 $a343.0 686 $aPP 3584$qSEPA$2rvk 702 $aFreeden$b Arne von 702 $aPeters$b Franziska 702 $aHruschka$b Franz 801 0$bMiAaPQ 801 1$bMiAaPQ 801 2$bMiAaPQ 906 $aBOOK 912 $a9910554235903321 996 $aSteuerliche Betriebsprüfung$92820080 997 $aUNINA